|
|
|
|
| LEADER |
00000nab a2200000 a 4500 |
| 001 |
vtls008943568 |
| 003 |
SK-MaSNL |
| 005 |
20260303070922.0 |
| 008 |
070207|2007 xo wrz r 000 0 slo |
| 015 |
|
|
|a SNBRB2007/02
|2 kevkjb
|
| 038 |
|
|
|a KEVKJB
|
| 040 |
|
|
|a KEVKJB
|b slo
|c KEVKJB
|e AACR2
|
| 041 |
0 |
|
|a slo
|
| 044 |
|
|
|a xo
|c SK
|
| 080 |
|
|
|a 792.57
|2 2001
|
| 100 |
1 |
|
|a Solčanská, Martina,
|d 1981-
|4 aut
|9 102950
|
| 245 |
1 |
0 |
|a Traja mušketieri v troch premiérach
|b prefektný, pompézny, príjemný muzikál. choďte sa naň pozrieť
|c Martina Solčanská
|
| 300 |
|
|
|b Obr.
|
| 630 |
0 |
7 |
|a Traja mušketieri (muzikál)
|2 kevkjb
|9 1004120
|
| 650 |
0 |
7 |
|a muzikály
|2 kevkjb
|9 3332
|
| 773 |
0 |
|
|t Markíza
|g Roč. X, č. 6 (2007), s. 30-33
|x 1335-2776
|
| 852 |
|
|
|a KEVKJB
|b KIS3GCP
|
| 856 |
4 |
1 |
|u www.markiza.sk
|
| 999 |
|
|
|c 1757517
|d 1759447
|